Domingo Moreno Jimenes : (Registro nro. 12655)

Detalles MARC
000 -LIDER
fixed length control field 02205nam a22003497a 4500
003 - IDENTIFICACDOR DE NÚMERO DE CONTROL
control field DO-SdBNP
005 - DATE AND TIME OF LATEST TRANSACTION
control field 20220712125021.0
008 - ELEMENTOS DE LONGITUD FIJA
fixed length control field 171020b2006 dr|| 00| 0 spa d
020 ## - ISBN
International Standard Book Number 9945160664
040 ## - FUENTE DE CATALOGACIÓN
Agencia que crea de manera original el registro BPMSU
Idioma de catalogación spa
Agencia que realiza la transcripción BPMSU
082 ## - NÚMERO DE CLASIFICACIÓN DECIMAL DE DEWEY
Classification number 928.617293
Item number M843L 2006
Edition number 22
100 1# - ASIENTO PRINCIPAL -- NOMBRE PERSONAL
Nombre personal Lantigua, José Rafael
245 1# - MENCIÓN DE TITULO
Título Domingo Moreno Jimenes :
Subtítulo biografía de un poeta /
Mención de responsabilidad José Rafael Lantigua ; edición Avelino Stanley ; prólogo Julio Jaime Julia
250 ## - MENCIÓN DE EDICION
Mención de edición 5a ed.
260 ## - PUBLICACIÓN, DISTRIBUCIÓN, ETC. (PIE DE IMPRENTA)
Lugar de publicación, distribución, etc Santo Domingo :
Nombre del editor, distribuidor, etc. Búho ;
Fecha de publicación, distribución, etc 2006.
300 ## - DESCRIPCIÓN FÍSICA
Extensión 234 p. :
Dimensiones 23 cm.
500 ## - NOTA GENERAL
Nota general Incluye datos biográficos del autor en las solapas
500 ## - NOTA GENERAL
Nota general Publicación conmemorativa del 30 aniversario de la primera edición
500 ## - NOTA GENERAL
Nota general Incluye ídice
500 ## - NOTA GENERAL
Nota general Incluye referencias bibliográficas y notas al pie de las páginas
504 ## - NOTA DE BIBLIOGRAFÍA, ETC.
Bibliography, etc Bibliografías : p. 227-228
505 0# - NOTA DE CONTENIDO
Texto normalizado de contenido Prólogo / Julio Jaime Julio -- Proemio -- Sus padres y primeros años ; Primer poema -- La historia ; Primeros libros," Pan de maíz" y Jimenes -- Libertador ; Labor en "letras" ; Bosch, Moreno y los "romances" ; Balaguer ; La Cueva , Gabriela Mistral y otros poetas ; Literatura de mañana -- Pontífice de la Colina Sacra ; Postumismo: cárcel o camino -- Trotamundos ; Viaje pintoresco y libros ; Registro óptico, Colina de Santiago, libros -- Colina de Asomante y "Día estético" ; Visita a Puerto Rico: los integralistas ; Trujillo y el Instituto de la Poesía ; Los triálogos ; La Poesía Sorprendida ; El poema de La hija reintegrada -- El caso Manuel Rueda ; Postumismo, Modernismo y Vedrinismo ; El acento dominicano ; Resumen de un apostolado ; Poetas preferidos y labor educativa ; Firmeza en el ideal: Dios y América -- Héctor Incháustegui Cabral y "Rosa, el poema del amor antillano" ; Manuel del Cabral ; Horia Tanasescu ; Bibliografía -- Índice onomástico.
590 ## - NOTA LOCAL
Enlace Inventariado, 2021
600 14 - ENCABEZAMIENTO DE MATERIA--NOMBRE PERSONAL
Nombre personal Moreno Jimenes Domingo
Fechas asociadas con el nombre ,1894-1936
Subdivisión temática general Crítica e interpretación
650 #4 - ENCABEZAMIENTO DE MATERIA--TEMÁTICO
Término temático o nombre geográfico como elemento de entrada Literatura dominicana
650 #4 - ENCABEZAMIENTO DE MATERIA--TEMÁTICO
Término temático o nombre geográfico como elemento de entrada Poesía dominicana
650 #4 - ENCABEZAMIENTO DE MATERIA--TEMÁTICO
Término temático o nombre geográfico como elemento de entrada Poetas dominicanos
700 1# - ASIENTO SECUNDARIO -- NOMBRE PERSONAL
Nombre personal Stanley, Avelino,
Mención de responsabilidad ed.
700 1# - ASIENTO SECUNDARIO -- NOMBRE PERSONAL
Nombre personal Julia, Julio Jaime,
Mención de responsabilidad pról.
910 ## - VALIDACIÓN
Validación VMateo
942 ## - ADDED ENTRY ELEMENTS (KOHA)
Source of classification or shelving scheme Dewey Decimal Classification
Koha item type Libros
Existencias
Withdrawn status Lost status Source of classification or shelving scheme Damaged status Not for loan Collection code Home library Current library Date acquired Full call number Barcode Date last seen Price effective from Koha item type Source of acquisition
    Dewey Decimal Classification     Colección Dominicana Biblioteca Pública Metropolitana Salomé Ureña Biblioteca Pública Metropolitana Salomé Ureña 10/20/2017 BPMSU CD 928.617293 M843L 2006 BPMSU17100097 10/20/2017 10/20/2017 Libros  
    Dewey Decimal Classification     Colección Dominicana Biblioteca Pública Metropolitana Salomé Ureña Biblioteca Pública Metropolitana Salomé Ureña 04/30/2021 BPMSU CD 928.617293 M843L 2006 BPMSU21040058 04/30/2021 04/30/2021 Libros BNPHU